000 00549nam a22001577a 4500
005 20120321114934.0
020 _a817108396X
_c55.00
035 _aB-29687
037 _aDPL
_bENG
100 _aHeidish, Marcy
_944038
245 _aCaring :
_bSimple ways you can reach out /
_cby Marcy Heidish
260 _aMumbai
_bBetter Yourself Books
_c2000
300 _a167p.
_c18 cms.
942 _2ddc
_cEN
_h158.25
_mHEI
999 _c64204
_d64204